Promoting a knowledge based society : (Record no. 4115)

MARC details
000 -LEADER
fixed length control field 00583nam a2200181 4500
001 - CONTROL NUMBER
control field 4940
005 - DATE AND TIME OF LATEST TRANSACTION
control field 20181127174444.0
090 00 - LOCALLY ASSIGNED LC-TYPE CALL NUMBER (OCLC); LOCAL CALL NUMBER (RLIN)
Classification number (OCLC) (R) ; Classification number, CALL (RLIN) (NR) 378.05072 R8884p 2015
245 00 - TITLE STATEMENT
Title Promoting a knowledge based society :
Remainder of title Book of abstracts /
Statement of responsibility, etc. iGNHaS, Royal University of Bhutan.
Medium
250 00 - EDITION STATEMENT
Edition statement
260 00 - PUBLICATION, DISTRIBUTION, ETC.
Place of publication, distribution, etc. [Thimphu] :
Name of publisher, distributor, etc. Royal University of Bhutan,
Date of publication, distribution, etc. 2015.
300 00 - PHYSICAL DESCRIPTION
Extent 37 p. ; 25 cm.
500 ## - GENERAL NOTE
General note Contains abstracts of programme presentations
General note National PhD Conference.
518 ## - DATE/TIME AND PLACE OF AN EVENT NOTE
Date/time and place of an event note ""2 July 2015""
650 00 - SUBJECT ADDED ENTRY--TOPICAL TERM
Topical term or geographic name entry element Bhutan.
General subdivision
Topical term or geographic name entry element Education, Higher --Bhutan --Research.
General subdivision
Holdings
Withdrawn status Lost status Source of classification or shelving scheme Damaged status Not for loan Collection code Home library Current library Shelving location Serial Enumeration / chronology Inventory number Total Checkouts Full call number Barcode Date last seen Copy number Price effective from Koha item type
    Dewey Decimal Classification     Main TEST RTC Library RTC Library Main opac 8104   378 PRO 30008071 27/11/2018 2 27/11/2018 Main
    Dewey Decimal Classification     Main TEST RTC Library RTC Library Main opac 8105   378 PRO 30007849 27/11/2018 1 27/11/2018 Main
    Dewey Decimal Classification     Main TEST RTC Library RTC Library Main opac 8103   378 PRO 30007987 27/11/2018 3 27/11/2018 Main
Royal Thimphu College || All Right Reserved